| 000 | 00973nam a2200277 a 4500 | ||
|---|---|---|---|
| 001 | 20245 | ||
| 003 | VRT | ||
| 005 | 20260120110035.0 | ||
| 008 | 240318s1966 xx 0 und c | ||
| 035 | _aSNK000223032 | ||
| 039 | 9 |
_a202403181643 _bVLOAD _c202109282024 _dVLOAD _c202109162258 _dVLOAD _c201110191313 _dmsnmk02 |
|
| 040 |
_aSNK _bslo _cSNK _eAACR2 |
||
| 100 | 1 |
_aZvara, Milan _4aut |
|
| 245 | 1 | 0 |
_aZbierame huby _batlas vybraných jedlých a jedovatých húb |
| 260 |
_aBratislava _bSlovenské vydavateľstvo pôdohospodárskej literatúry _c1966 |
||
| 300 | _a188 s. | ||
| 700 | 1 |
_aZvarová, Mira _4aut |
|
| 910 | _asnmk | ||
| 942 |
_2ddc _cOLDO _n0 |
||
| 949 |
_6273K0347180 _asvkpoA 59948 _bsvkpo138818 |
||
| 949 |
_649505A00468 _almsmopaj582.28 _blmsmopaj16455 |
||
| 949 |
_60133058261 _asnmk _bsnmk58261 |
||
| 949 |
_617A0796639 _asnkSD 29357 |
||
| 949 |
_617A0031127 _9P60, <04>, [BOOK], {604} _asnkSD 29357 D1 |
||
| 999 |
_c20245 _d20245 |
||